00978nam a2200253Ia 450000500170000000800410001702000150005810000390007324501230011225000190023530000430025450500510029765000450034865000490039365000330044270000340047570000460050926400350055533600270059033700330061733800280065004000350067808400110071320220317000549.0160601s1992 sp a g 000 0 spa  a842054784X1 aStevenson, Robert Louisd1850-189410aNoches en la isla cRobert Louis Stevenson ; traducción María Eugenia Santidrián ; ilustración Lorenzo Jalón a2a. edición  a205 páginas bilustraciones c21 cm  aLa playa de Falesá -- El diablo embotellado142LEMBaNovela juvenil inglesa ySiglo XIX142LEMBaLiteratura juvenil inglesa ySiglo XIX142LEMBaAmor en la literatura 1 aJalón, Lorenzoeilustrador 1 aSantidrián, María Eugeniaetraductor  aMadrid bGenerales Anayac1992 atextobtxt2rdacontent asin mediaciónbn2rdamedia avolumenbnc2rdacarrier aCO-BoRNBPbspaerdacCO-BoRNBP aN STE2